The holocaust as historical experience : essays and a discussion /

Bibliographic Details
Other Authors: Bauer, Yehuda, Rotenstreich, Nathan, 1914-1993
Format: Book
Language:English
Published: New York, N.Y. : Holmes & Meier Publishers, 1981.
Subjects:

MARC

Tag First Indicator Second Indicator Subfields
LEADER 00000cam a22000008a 4500
001 in00000071803
005 20151008062412.0
008 800917s1981 nyu b 00100 engm
010 |a  80023136  
020 |a 0841906351 
020 |a 084190636X (pbk.) 
035 |a (OCoLC)06790250 
035 |9 AAK0150AM 
040 |a DLC  |c DLC  |d m.c.  |d TXA  |d UtOrBLW 
049 |a TXAM  |c [951710] 
050 0 0 |a D810.J4  |b H6433 1981 
082 0 |a 943.086  |2 19 
245 0 4 |a The holocaust as historical experience :  |b essays and a discussion /  |c edited by Yehuda Bauer, Nathan Rotenstreich ; associate editor, Malcolm Lowe. 
263 |a 8104 
264 1 |a New York, N.Y. :  |b Holmes & Meier Publishers,  |c 1981. 
300 |a xvi, 288 pages ;  |c 23 cm. 
336 |a text  |b txt  |2 rdacontent 
337 |a unmediated  |b n  |2 rdamedia 
338 |a volume  |b nc  |2 rdacarrier 
504 |a Includes bibliographical references and index. 
650 0 |a Holocaust, Jewish (1939-1945)  |v Congresses. 
650 0 |a World War, 1939-1945  |x Jewish resistance  |x Congresses. 
700 1 |a Bauer, Yehuda. 
700 1 |a Rotenstreich, Nathan,  |d 1914-1993. 
999 |a MARS 
999 f f |s 4ac73259-25fa-32ca-9f4a-c35c8e8657dc  |i bda510f1-7772-3aed-9a24-fa28ec7a29ad  |t 0 
952 f f |p ric  |a Texas A&M University  |b Rellis Campus  |c Joint Library Facility  |d Remote Storage  |t 0  |e D810.J4 H6433 1981  |h Library of Congress classification  |i unmediated -- volume  |m A14806095733 
998 f f |a D810.J4 H6433 1981  |t 0  |l Remote Storage